Hladomra

Historická povesť z obdobia tatárskeho vpádu do Uhorska

Bibliographic Details
Main Author: Tomášik, Samo, 1813-1887 (Author)
Format: Manuscript Book
Language:Slovak
PhysicalDescription:14 strán rukopis, voľné listy 40 cm
Vydané aj v tlačenej forme
Published: [Chyžné] [1846]
Subjects:

MARC

LEADER 00000ntmaa2200000 a 4500
001 vtls012075475
003 SK-MaSNL
005 20260301150645.0
008 230802s1846 xo || 000 j slo
035 |a urn:nbn:sk:snk-tm00glud 
035 |a urn:nbn:sk:snk-tm3n4rc 
035 |a AA23BBF9-DC54-4DC1-8271-3995C6F309FB 
040 |a SNKLA  |b slo  |c SNKLA  |e AACR2 
041 0 |a slo 
044 |a xo  |c SK 
072 7 |a 821.162.4-3  |x Slovenská próza  |2 konspekt 
080 |a 025.171  |2 2011 
080 |a (0:82-321.6)  |2 2001 
080 |a (=512.145)  |2 2011 
080 |a (439.2)  |2 2011 
100 1 |a Tomášik, Samo,  |d 1813-1887  |4 aut  |9 256391 
245 1 0 |a Hladomra  |c [Samo Tomášik] 
246 3 3 |a Hladomra  |b povesť z tatárskych časov 
260 |a [Chyžné]  |c [1846] 
300 |a 14 strán  |b rukopis, voľné listy  |c 40 cm 
500 |a Autor podľa iných prác pod signatúrou M 107 
500 |a Na titulnej strane ceruzou číslo 3. s podtrhnutím 
520 2 |a Historická povesť z obdobia tatárskeho vpádu do Uhorska 
530 |a Vydané aj v tlačenej forme 
555 0 |a Inventár rukopisov Literárneho archívu Matice slovenskej VI. Archív Slovenského národného múzea. Fondy M 51 - 120. Martin : Matica slovenská 1977 
561 |a Okrúhla pečiatka: Museálna slovenská spoločnosť 
561 |a Okrúhla pečiatka: Matica slovenská Martin Archív literatúry a umenia 
650 0 7 |a Tatári  |2 SNKPH  |9 30845 
651 7 |a Uhorsko  |2 SNKPH  |9 28673 
655 7 |a rukopisy  |2 SNKPH  |9 70548 
655 7 |a slovenské prózy  |2 SNKPH  |9 70229 
655 7 |a historické prózy  |2 SNKPH  |9 88611 
787 0 8 |i Vydané v:  |t Orol tatránsky  |g Roč. 2, č. 44, 45 (1846) 
852 |a Slovenská národná knižnica  |b Literárny archív 
958 |a MOF 
958 |a LAVD 
999 |c 784201  |d 786131 
952 |a SNKLA  |b SNKLA  |c SNKLA_DEP  |y NEVYP  |7 0  |p 17A1229910  |o snkM 107 C 18  |0 0  |1 0  |4 0  |d 2021-10-28  |f 1  |l 0  |r 2026-02-24 01:15:17  |w 2026-02-24